000 00739cam a22002653a 4500
001 31362
003 PGUSA
005 20140828083658.0
008 100222s2010||||xxu|||||s|||||000 1 eng d
040 _aPGUSA
_beng
042 _adc
050 4 _aPR
100 1 _aFitzpatrick, Kathleen
245 1 4 _aThe Weans at Rowallan
_h[electronic resource] /
_cKathleen Fitzpatrick
260 _bProject Gutenberg,
_c2010
506 _aPublic domain in the USA.
516 _aElectronic text
653 _aFamily -- Fiction
653 _aIreland -- Fiction
653 _aBrothers and sisters -- Fiction
700 1 _aSmith, A. Guy
830 0 _aProject Gutenberg
_v31362
856 4 0 _uhttp://www.gutenberg.org/ebooks/31362
942 _cEB
999 _c260617
_d260617